000 00671nam a2200241 a 4500
001 BRCA_7689
005 20190320205939.0
008 160813s1963----sp-ae#####---#000-0#spa-#
041 _aspa
044 _asp
050 4 _aDP402.A9
_b.C45 1963
100 1 _aCela, Camilo José
_918989
245 1 0 _aÁvila
_cCamilo José Cela.
250 _a4
260 _aBarcelona
_bNoguer
_c1963
300 _a28 p.
_bil., mapas, planos
_c19 cm.
440 0 _aAndar y Ver. Guías para España
_918990
500 _aU28
520 3 _aSuplemento de información práctica a la guía de Ávila
651 4 _aÁvila, España
_xDescripción
_918991
902 _aGFM
942 _2lcc
_cB
999 _c7363
_d7363